Thinking between the lines : computers and the comprehension of casual descriptions
Αποθηκεύτηκε σε:
| Κύριος συγγραφέας: | |
|---|---|
| Μορφή: | Βιβλίο |
| Γλώσσα: | English |
| Δημοσίευση: |
Cambridge, Mass. :
MIT Press,
1994
|
| Σειρά: | Artificial intelligence (Cambridge, Mass.)
|
| Θέματα: | |
| Ετικέτες: |
Προσθήκη ετικέτας
Δεν υπάρχουν, Καταχωρήστε ετικέτα πρώτοι!
|
MARC
| LEADER | 00000nam a2200000 i 4500 | ||
|---|---|---|---|
| 001 | 1/75515 | ||
| 008 | 990519s1994 eng d | ||
| 020 | |a 0-262-02374-1 | ||
| 035 | |l 10049358 | ||
| 040 | |a GR-MY-UA |b gre |e aacr | ||
| 041 | 0 | |a eng | |
| 082 | 0 | |a 006.35 | |
| 100 | 1 | |a Borchardt, Gary C. | |
| 245 | 1 | 0 | |a Thinking between the lines : |b computers and the comprehension of casual descriptions / |c Gary C. Borchardt |
| 260 | |a Cambridge, Mass. : |b MIT Press, |c 1994 | ||
| 300 | |a xii, 298 p.; |b ill.; |c 24 cm. | ||
| 490 | 1 | |a Artificial intelligence | |
| 500 | |a Includes bibliographical references and index | ||
| 650 | 0 | 0 | |a Natural language processing (Computer science) |
| 650 | 0 | 0 | |a Artificial intelligence. |
| 650 | 0 | 0 | |a Machine learning. |
| 830 | 0 | |a Artificial intelligence (Cambridge, Mass.) | |
| 852 | |a INST |b SAMOS |e 19990519 |h 006.35 BOR |p 005300012827 |q 005300012827 |t BK |y 0 | ||
| 901 | |a BIBL3-1999-2 | ||
| 909 | |a Σ |b 063840 | ||
| 922 | |a 3ΕΛΗ |b 199901 |c ΚΠΣ |d GLORY | ||